| Tag |
First Indicator |
Second Indicator |
Subfields |
| LEADER |
00000pam a2200000 a 4500 |
| 001 |
in00001758613 |
| 005 |
20151025065701.0 |
| 008 |
030324r20021965enk 000 0 eng |
| 015 |
|
|
|a GBA2-19752
|
| 020 |
|
|
|a 185375479X
|
| 035 |
|
|
|a (OCoLC)ocm49299870
|
| 040 |
|
|
|a UKM
|c UKM
|d UtOrBLW
|
| 049 |
|
|
|a TXAM
|
| 082 |
0 |
4 |
|a 940.421
|2 21
|
| 090 |
|
|
|a K545.M3
|b B613 2002
|
| 100 |
1 |
|
|a Blond, Georges,
|d 1906-1989.
|
| 245 |
1 |
4 |
|a The Marne :
|b the battle that saved Paris and changed the course of the First World War /
|c Georges Blond.
|
| 264 |
|
1 |
|a London :
|b Prion,
|c 2002.
|
| 300 |
|
|
|a 256 pages, 8 unnumbered pages of plates :
|b illustrations, maps ;
|c 22 cm.
|
| 336 |
|
|
|a text
|b txt
|2 rdacontent
|
| 337 |
|
|
|a unmediated
|b n
|2 rdamedia
|
| 338 |
|
|
|a volume
|b nc
|2 rdacarrier
|
| 490 |
1 |
|
|a Prion lost treasures
|
| 500 |
|
|
|a First published in English: London : Macdonald, 1965.
|
| 650 |
|
0 |
|a Marne, 1st Battle of the, France, 1914.
|
| 830 |
|
0 |
|a Prion lost treasures.
|
| 948 |
|
|
|a cataloged
|b h
|c 2003/8/21
|d c
|e eneff
|f 3:03:34 pm
|
| 994 |
|
|
|a E0
|b TXA
|
| 999 |
|
|
|a MARS
|
| 999 |
f |
f |
|s 536d24a0-2f52-395a-ba6b-1b75ab115e1b
|i ad6ebeee-1f97-331e-b08d-06ce2d07aa73
|t 0
|
| 952 |
f |
f |
|p normal
|a Texas A&M University
|b College Station
|c Sterling C. Evans Library
|s Evans stk
|d Evans: Library Stacks
|t 0
|e K545.M3 B613 2002
|h Library of Congress classification
|i unmediated -- volume
|m A14830015985
|